Diagnostika cestných motorových vozidel /

Guardado en:
Detalles Bibliográficos
Autores principales: Bedroš, Jaroslav (Autor), Beránek, Karel (Autor)
Formato: Libro
Lenguaje:checo
Publicado: Praha : NADAS, 1986
Edición:1.vyd.
Materias:
Etiquetas: Agregar Etiqueta
Sin Etiquetas, Sea el primero en etiquetar este registro!

MARC

LEADER 00000nam a22000003a 4500
001 stu34636
005 20150617225731.0
008 920323s1986----cs------------------cze-d
040 |a STU  |b slo 
041 0 |a cze 
044 |a cs 
080 |a 629.1-45(075.3)  |7 stu_us_auth*stu2957 
100 1 |a Bedroš, Jaroslav  |4 aut 
245 1 |a Diagnostika cestných motorových vozidel /  |c [aut.]Jaroslav Bedroš, Karel Beránek 
250 |a 1.vyd. 
260 |a Praha :  |b NADAS,  |c 1986 
300 |a 181 s 
650 7 |a Vozidlá motorové  |2 stusub 
650 7 |a učeb.SOU  |2 stusub 
700 1 |a Beránek, Karel  |4 aut 
996 |b 284M044648  |c M*309-1  |l MMKN  |s A  |a 24  |w stu34636_0001